States with the smallest GDP - Statistics

General Stats
  • This quiz has been taken 20 times
  • The average score is 14 of 15
Answer Stats
GDP Answer % Correct
98,536 Hawaii
100%
39,794 Wyoming
100%
55,759 Alaska
94%
76,410 Delaware
94%
68,441 Maine
94%
89,836 New Hampshire
94%
57,400 North Dakota
94%
64,441 Rhode Island
94%
54,057 South Dakota
94%
35,271 Vermont
94%
82,265 Idaho
89%
52,948 Montana
89%
120,429 Mississippi
83%
78,507 West Virginia
83%
105,263 New Mexico
72%
No matching quizzes found
Score Distribution
Percent of People with Each Score
Percentile by Number Answered
Your Score History
You have not taken this quiz